| 000 | 00800nam a2200229Ia 4500 | ||
|---|---|---|---|
| 999 |
_c5577 _d5577 |
||
| 003 | OSt | ||
| 005 | 20200312113948.0 | ||
| 008 | 191128q200? cx gr 000 0 spa d | ||
| 020 | _a9789747221 | ||
| 040 |
_aCO-JMCR _cCO-JMCR |
||
| 041 | 0 | _aspa | |
| 082 | 0 | 4 |
_a070.986 / _bA662d |
| 100 | 1 |
_aArango Londoño, Gilberto, _eautor _91441 |
|
| 245 | 1 | 0 |
_aDesde mi angulo : _b1999-2004 / _cGilberto Arango Londoño |
| 260 |
_aBogotá : _bColegio de Estudios Superiores de Administración - Cesa : Múnera Editores _c[200?] |
||
| 300 |
_av, 489 páginas ; _c 24 cm |
||
| 500 | _aIncluye datos biográficos del autor en la solapa posterior. | ||
| 546 | _aspa | ||
| 650 | 1 | 4 |
_aEconomía colombiana _xartículos de prensa Crónicas _zColombia _91455 |
| 651 | 2 | 4 |
_aEconomía _zColombia _91456 |
| 942 |
_2ddc _cBK |
||